Hours and earnings in the United States, 1932-40, (Record no. 36391)
[ view plain ]
| 000 -LEADER | |
|---|---|
| fixed length control field | 01134cam a22002651 4500 |
| 001 - CONTROL NUMBER | |
| control field | l 42000137 |
| 003 - CONTROL NUMBER IDENTIFIER | |
| control field | DLC |
| 005 - DATE AND TIME OF LATEST TRANSACTION | |
| control field | 20260227111538.0 |
| 008 - FIXED-LENGTH DATA ELEMENTS--GENERAL INFORMATION | |
| fixed length control field | 790925s1942 dcua 000 0 eng c |
| 010 ## - LIBRARY OF CONGRESS CONTROL NUMBER | |
| LC control number | l 42000137 |
| 035 ## - SYSTEM CONTROL NUMBER | |
| System control number | (OCoLC)5425134 |
| 040 ## - CATALOGING SOURCE | |
| Original cataloging agency | U.S. Dept. of labor. Libr. |
| Transcribing agency | OCl |
| Modifying agency | DLC |
| 042 ## - AUTHENTICATION CODE | |
| Authentication code | premarc |
| 050 00 - LIBRARY OF CONGRESS CALL NUMBER | |
| Classification number | HD8051 |
| Item number | .A62 no. 697 |
| 082 ## - DEWEY DECIMAL CLASSIFICATION NUMBER | |
| Classification number | 331.06173 |
| 100 1# - MAIN ENTRY--PERSONAL NAME | |
| Personal name | Olenin, Alice. |
| 245 10 - TITLE STATEMENT | |
| Title | Hours and earnings in the United States, 1932-40, |
| Remainder of title | with supplement for 1941. |
| Statement of responsibility, etc. | By Alice Olenin and Thomas F. Corcoran of the Division of employment statistics, Lewis E. Talbert, chief. |
| 260 ## - PUBLICATION, DISTRIBUTION, ETC. | |
| Place of publication, distribution, etc. | Washington, |
| Name of publisher, distributor, etc. | U.S. Govt. print. off., |
| Date of publication, distribution, etc. | 1942. |
| 300 ## - PHYSICAL DESCRIPTION | |
| Extent | v, 207 p. incl. tables, diagrs. |
| Dimensions | 23 cm. |
| 490 0# - SERIES STATEMENT | |
| Series statement | United States. Bureau of labor statistics. Bulletin |
| Volume/sequential designation | no. 697 |
| 500 ## - GENERAL NOTE | |
| General note | At head of title: United States Dept. of labor, Frances Perkins, secretary. Bureau of labor statistics, Isador Lubin, commissioner (on leave) A. F. Hinrichs, acting commissioner. |
| 650 #0 - SUBJECT ADDED ENTRY--TOPICAL TERM | |
| Topical term or geographic name entry element | Wages |
| Geographic subdivision | United States. |
| 650 #0 - SUBJECT ADDED ENTRY--TOPICAL TERM | |
| Topical term or geographic name entry element | Hours of labor |
| Geographic subdivision | United States. |
| 700 1# - ADDED ENTRY--PERSONAL NAME | |
| Personal name | Corcorán, Thomas F. |
| Relator term | joint author. |
No items available.